000 00516nam a2200169 i 4500
001 61183
003 ES-MaACL
005 20230906164407.0
007 t|
008 031111s1973 sp ||||1| spa d
100 1 _aEstal, Gabriel del.
_948001
245 1 0 _aSociedad inconforme, juventud, universidad, iglesia /
_cGabriel del Estal.
260 _a[Madrid :
_bInstituto de Estudios PolĂ­ticos,
_c1973]
300 _a392 p. ;
_c21 cm.
852 _aES-MaACL
_jC-52506
_bR.85453
852 _aES-MaACL
_jE-6563
_bR.91163
999 _c61183
_d61183